000 00340nam a22001217a 4500
999 _c5134
_d5134
008 250701b ||||| |||| 00| 0 eng d
020 _a9781419723445
082 _aFIC KIN
100 _aKINNEY,JEFF
_eAUTHOR
245 _aDIARY OF A WIMPY KID
_bDOUBLE DOWN
260 _a115 WEST 18TH STREET,NEW YORK,NY10011
_bAMULET BOOKS
_c2016
942 _2ddc